000 00734nam a22002297a 4500
005 20170124110027.0
010 _aA-408929
020 _c00.00
_a0801071011
035 _aA-408929
037 _bCen Lib/Ret
040 _aDPL
_bEN
082 _a575
_bPIT
100 _aPitman,Michael
_920992
245 _aAdam and evolution :
_cby Michael Pitman
_b ascientific critique of neo-darwinism /
260 _aMichigan
_bBaker Book House
_c1987
270 _agrands rapids
_bMichigan
_e49516
300 _a268p. ;
_c21cm(Hb)
_bill.
500 _aIncludes glossary, bibliographical references and index
650 _aCreationism
_v
_920993
650 _aReligion and science
_911093
942 _2ddc
_cEN
_h575
_mPIT
999 _c127605
_d127605